01265cam a2200157 i 4500999001500000020002600015100001100041245015300052250001400205300003000219490002500249500008800274500007600362942001400438952065500452 c6840d6840 a9789863982388cNT$3201 a凱勒10a成功, 從聚焦一件事開始 :b不流失專注力的減法原則 /c蓋瑞.凱勒(Gary Keller), 傑伊.巴帕森(Jay Papasan)著 ; 羅耀宗譯 a第二版 a254面 :b圖 ;c21公分1 a天下財經 ;v324. a譯自: The one thing : the surprisingly simple truth behind extraordinary results. a第一版題名: 聚焦第一張骨牌 : 卓越背後的超簡單原則 2cclcBOOK 00102ccl4070ayeezenbyeezend2018-06-27l6m1o494.35pC02418r2022-06-10 00:00:00s2022-06-02w2018-06-27yBOOKz  同樣一天24小時,為什麼有人就是成就更多?   關鍵在「聚焦能帶動後續改變的 1 件事」,許多事會自動消失不用做!   做得更少,但成效卻更好!   待辦事項愈來愈多,怎麼樣也趕不上進度?   賣命同時做很多事,但最後卻以挫折收場?   不是你不夠拚,而是用錯了方法!   我們一天28%的工作時間都被混亂、失焦、分心偷走了。   生活愈複雜,愈要學會簡化、聚焦的能力!